US States with a city called Amsterdam - Statistics

General Stats
  • This quiz has been taken 48 times
  • The average score is 7 of 11
Answer Stats
State % Correct
New York
98%
Texas
81%
Pennsylvania
79%
California
76%
Ohio
74%
Virginia
74%
New Jersey
71%
Idaho
57%
Georgia
52%
Missouri
40%
Montana
40%
No matching quizzes found
Score Distribution
Percent of People with Each Score
Percentile by Number Answered
Your Score History
You have not taken this quiz